00595nam a22001817a 450000500170000001000150001702000260003203500140005803700130007208200080008524500220009325000190011526000420013427001410017630000310031749000350034850000300038320190716125029.0 aENG-125944 a9789353430924c625.00 aEN-109476 bDBAD/PUB a530 aPhysics class-10 aEighth edition aNoida bPearson India Educationc2019 a15th Floor, Tower-B, World Trade Tower, Plot No.I, Block-C, Sector 16bNoida, Uttar Pradesh e201301mcompanysecretary.india@pearson.com avarious paging.c25cm(pbk) aPearsons IIT foundation series aTrishna knowledge systems